000 00525nam a22001217a 4500
040 _cRUA
082 _aAVM EK 2025 B705 Or.1
100 _aEK PHEAROM, ឯក ភារុំ
245 _aCattle Gastro-intestinal parasites in kus commune tramkak district takeo province, បរាសិតក្នុងក្រពះពោះវៀនគោនៅឃុំគុស ស្រុកត្រាំកក់ ខេត្តតាកែវ
260 _aPHNOM PENH
_bRUA
_c2025
300 _ax,44p.
_bill.
_c29cm.
942 _cAVM
999 _c25805
_d25805